000 00455nam a2200181Ia 4500
001 18322
005 20260306171622.0
008 260306s9999||||xx |||||||||||||| ||und||
041 _aESP
082 _a658.403
_bF43
100 _aFerreiro de Babot, Pablo
_eAUT
245 0 _aEl octógono:
_bun diagnóstico completo de la organización empresarial
260 _c2013
300 _a
_c
650 _aGEN
654 _aCAN
942 _cLIB
_dJUS
_fJUS
_2ddc
_n
999 _c18322
_d18322